Library Banner

How the internet works (Record no. 27202)

MARC details
000 -LEADER
fixed length control field 00443nam a2200181Ia 4500
001 - CONTROL NUMBER
control field 27058
008 - FIXED-LENGTH DATA ELEMENTS--GENERAL INFORMATION
fixed length control field 140414s9999 xx 000 0 und d
020 ## - INTERNATIONAL STANDARD BOOK NUMBER
International Standard Book Number 1-56276-552-3
040 ## - CATALOGING SOURCE
Transcribing agency PK-LaUMT
082 ## - DEWEY DECIMAL CLASSIFICATION NUMBER
Classification number 004.67
Item number GRA-H
100 ## - MAIN ENTRY--PERSONAL NAME
Personal name Preston Gralla
245 ## - TITLE STATEMENT
Title How the internet works
Statement of responsibility, etc Preston Gralla
260 ## - PUBLICATION, DISTRIBUTION, ETC. (IMPRINT)
Place of publication, distribution, etc California,USA:
Name of publisher, distributor, etc Zif-Davis,
Date of publication, distribution, etc 1997
300 ## - PHYSICAL DESCRIPTION
Extent 290 p.
546 ## - LANGUAGE NOTE
Language note EN
650 ## - SUBJECT ADDED ENTRY--TOPICAL TERM
Topical term or geographic name as entry element Computer networks
942 ## - ADDED ENTRY ELEMENTS (KOHA)
Koha item type Books
Holdings
Withdrawn status Lost status Damaged status Not for loan Home library Current library Date acquired Total Checkouts Full call number Barcode Date last seen Date checked out Price effective from Koha item type
        UMT Main Campus UMT Main Campus 2014-04-14 2 004.67 GRA-H 30464 2018-03-08 2018-02-26 2014-04-25 Books